Mathematical methods in engineering (Record no. 50665)

MARC details
000 -LEADER
fixed length control field 00735nam a2200193 a 4500
008 - FIXED-LENGTH DATA ELEMENTS--GENERAL INFORMATION
fixed length control field 060316s1984 ||||||||||||||||| || u
020 ## - INTERNATIONAL STANDARD BOOK NUMBER
International Standard Book Number 0471103314
050 ## - LIBRARY OF CONGRESS CALL NUMBER
Classification number TA 330 Mat
100 ## - MAIN ENTRY--PERSONAL NAME
Personal name Davies, Glyn A. O
245 10 - TITLE STATEMENT
Title Mathematical methods in engineering
Statement of responsibility, etc. edited by Glyn A. O. Davies
260 ## - PUBLICATION, DISTRIBUTION, ETC.
Place of publication, distribution, etc. Chichester [West Sussex]
Name of publisher, distributor, etc. John Wiley and Sons
Date of publication, distribution, etc. 1984
300 ## - PHYSICAL DESCRIPTION
Extent xiv, 458 pages : illustrated
350 ## - PRICE (NR) (BK AM CF MU VM SE) [OBSOLETE]
Price 86.84
490 ## - SERIES STATEMENT
Series statement Handbook of applicable mathematics. Guidebook
490 ## - SERIES STATEMENT
Volume/sequential designation 5
500 ## - GENERAL NOTE
General note Includes bibliographies
650 #0 - SUBJECT ADDED ENTRY--TOPICAL TERM
Topical term or geographic name entry element ENGINEERING MATHEMATICS
995 ## - RECOMMENDATION 995 [LOCAL, UNIMARC FRANCE]
-- 0.00
-- CBU-MAIN LIBRARY (Kitwe)
-- 1
-- 39.95
-- 1
-- AVAILABLE
-- Annex Low-Usage Collection
Holdings
Withdrawn status Lost status Source of classification or shelving scheme Damaged status Not for loan Home library Current library Shelving location Date acquired Total Checkouts Full call number Barcode Date last seen Price effective from Koha item type
          CBU-MAIN LIBRARY, KITWE. CBU-MAIN LIBRARY, KITWE.   11/30/2022   TA 330 Mat 012591 11/30/2022 11/30/2022 MONOGRAPH